[Event "Women's Speed Chess Q6"]
[Site "chess.com INT"]
[Date "2021.06.05"]
[Round "8"]
[White "Belenkaya, Dina"]
[Black "Nurmanova, Alua"]
[Result "1-0"]
[WhiteTitle "WGM"]
[BlackTitle "WFM"]
[WhiteElo "2341"]
[BlackElo "2093"]
[WhiteFideId "24142654"]
[BlackFideId "13729390"]
[EventDate "2021.06.05"]

1. e4 c5 2. Nc3 d6 3. g3 Nf6 4. Bg2 Nc6 5. d3 g6 6. Be3 Bg7 7. h3 O-O 8. Qd2 e6
9. Bh6 d5 10. O-O-O Rb8 11. Re1 dxe4 12. Nxe4 Nd5 13. Nf3 Qb6 14. Bxg7 Kxg7 15.
h4 f5 16. Neg5 Ncb4 17. a3 Na6 18. h5 h6 19. hxg6 f4 20. Ne5 Nac7 21. Ngf7 Nb5
22. Rxh6 Rg8 23. Bxd5 exd5 24. Qxf4 Nd4 25. Rh7+ Kf8 26. Nd6+ 1-0

[Event "Women's Speed Chess Q6"]
[Site "chess.com INT"]
[Date "2021.06.05"]
[Round "8"]
[White "Antolak, Julia"]
[Black "Kubicka, Anna"]
[Result "1-0"]
[WhiteTitle "WIM"]
[BlackTitle "WIM"]
[WhiteElo "2309"]
[BlackElo "2210"]
[WhiteFideId "1159569"]
[BlackFideId "1152254"]
[EventDate "2021.06.05"]

1. e4 c6 2. d4 d5 3. Nd2 dxe4 4. Nxe4 Nf6 5. Nxf6+ exf6 6. c3 Bd6 7. Bd3 O-O 8.
Qc2 Re8+ 9. Ne2 h5 10. O-O Nd7 11. Nf4 h4 12. Qd1 Nf8 13. Qh5 Qc7 14. g3 hxg3
15. hxg3 Be6 16. Kg2 Bxf4 17. Bxf4 Bd5+ 18. f3 Qb6 19. b3 Ng6 20. Bd6 Qd8 21.
Ba3 b6 22. Rh1 c5 23. Raf1 Re3 24. dxc5 Rxd3 25. Qh7+ Kf8 26. c6+ Ke8 27. Qh8+ 1-0

[Event "Women's Speed Chess Q6"]
[Site "chess.com INT"]
[Date "2021.06.05"]
[Round "8"]
[White "Sliwicka, Alicja"]
[Black "Balabayeva, Xeniya"]
[Result "1-0"]
[WhiteTitle "WIM"]
[BlackTitle "WFM"]
[WhiteElo "2308"]
[BlackElo "2116"]
[WhiteFideId "1150677"]
[BlackFideId "13719688"]
[EventDate "2021.06.05"]

1. e4 c6 2. d4 d5 3. e5 c5 4. dxc5 Nc6 5. Bb5 e6 6. Be3 Qc7 7. Bd4 Bd7 8. Bxc6
Qxc6 9. b4 a5 10. Qd2 axb4 11. Qxb4 Ra4 12. Qb2 Nh6 13. Ne2 Bxc5 14. Bxc5 Qxc5
15. O-O Ra7 16. Nd2 O-O 17. Nb3 Qc7 18. Qd4 Ra4 19. Qd2 Rc4 20. c3 Qxe5 21. Ned4
Qc7 22. Rac1 Rc8 23. Ne2 Ng4 24. g3 Nf6 25. f3 Qb6+ 26. Kg2 e5 27. h4 Qe6 28.
Rfd1 Qh3+ 29. Kg1 e4 30. Nbd4 exf3 31. Nxf3 Be6 32. Ng5 Qg4 33. Qe3 1-0

[Event "Women's Speed Chess Q6"]
[Site "chess.com INT"]
[Date "2021.06.05"]
[Round "8"]
[White "Arpita, Mukherjee"]
[Black "Sikorova, Olga"]
[Result "0-1"]
[WhiteTitle "WIM"]
[BlackTitle "WGM"]
[WhiteElo "2206"]
[BlackElo "2215"]
[WhiteFideId "5056403"]
[BlackFideId "307033"]
[EventDate "2021.06.05"]

1. e4 e6 2. d4 d5 3. Nd2 c5 4. exd5 Qxd5 5. Ngf3 cxd4 6. Bc4 Qd6 7. O-O Nf6 8.
Nb3 Nc6 9. Nbxd4 Nxd4 10. Nxd4 a6 11. Bg5 Be7 12. c3 h6 13. Bh4 Qc7 14. Bg3 Qxc4
15. Qf3 Qd5 16. Qe2 b5 17. Rad1 Bb7 18. f3 Qc4 19. Qe3 Nd5 20. Qc1 O-O 21. Be5
b4 22. Qd2 bxc3 23. bxc3 Qxc3 24. Qf2 Qe3 25. Rb1 Bc8 26. Rfe1 Qxf2+ 27. Kxf2
Bc5 28. Kg3 Bxd4 29. Bxd4 Bd7 30. Rb7 Bc6 31. Rbb1 Bb5 32. Rec1 Rac8 33. Bc5
Rfd8 34. f4 Nf6 35. Be7 Rd3+ 36. Kh4 Rxc1 37. Rxc1 Nd5 38. Bd6 Nc3 39. Be5 Nxa2
40. Rc8+ Kh7 41. Rf8 Rd7 42. Rb8 Nb4 43. g3 Nd3 44. Bc3 Nc5 45. Bb4 Ne4 46. h3
g5+ 47. fxg5 hxg5+ 48. Kh5 Be2+ 49. g4 Rd3 0-1

[Event "Women's Speed Chess Q6"]
[Site "chess.com INT"]
[Date "2021.06.05"]
[Round "8"]
[White "Varney, Zoe"]
[Black "Selkirk, Rebecca"]
[Result "0-1"]
[WhiteTitle "WCM"]
[BlackTitle "WCM"]
[WhiteElo "1917"]
[BlackElo "1799"]
[WhiteFideId "436135"]
[BlackFideId "14306514"]
[EventDate "2021.06.05"]

1. e4 c6 2. c4 d5 3. exd5 cxd5 4. cxd5 Nf6 5. Nc3 Nxd5 6. Nf3 Nc6 7. Bb5 e6 8.
O-O Bd6 9. d4 O-O 10. Ne4 Be7 11. a3 a6 12. Bd3 b6 13. Neg5 h6 14. Qc2 Bb7 15.
Bh7+ Kh8 16. Bg8 Nf6 17. Nxf7+ Rxf7 18. Bxf7 Nxd4 19. Nxd4 Qxd4 20. Bxe6 Qe5 21.
Bh3 Bd6 22. f4 Qd5 23. Be3 Re8 24. Rad1 Qh5 25. Bxb6 Qxh3 26. gxh3 Rc8 27. Qd2
Bf8 28. Bf2 Ne4 0-1

[Event "Women's Speed Chess Q6"]
[Site "chess.com INT"]
[Date "2021.06.05"]
[Round "8"]
[White "Bodnaruk, Anastasia"]
[Black "Eswaran, Ashritha"]
[Result "0-1"]
[WhiteTitle "IM"]
[BlackTitle "WIM"]
[WhiteElo "2446"]
[BlackElo "2244"]
[WhiteFideId "4181751"]
[BlackFideId "2080788"]
[EventDate "2021.06.05"]

1. e4 c5 2. Nc3 Nc6 3. Bb5 Nd4 4. Bc4 e6 5. Nf3 Ne7 6. O-O Nec6 7. Nxd4 cxd4 8.
Ne2 Be7 9. d3 O-O 10. Bb3 f5 11. exf5 Rxf5 12. Ng3 Rf7 13. f4 d5 14. Bd2 Qc7 15.
f5 Bd6 16. Qe2 Bxg3 17. hxg3 Qd6 18. fxe6 Bxe6 19. Bf4 Qd7 20. Rae1 Bg4 21. Qd2
Raf8 22. a3 h5 23. Bg5 Rxf1+ 24. Rxf1 Rxf1+ 25. Kxf1 b5 26. Qf4 a5 27. Bh4 a4
28. Ba2 Qe6 29. Kg1 b4 30. Qg5 b3 31. cxb3 Qe1+ 32. Kh2 Ne5 33. Qf4 Nf3+ 34.
gxf3 Qf2+ 35. Kh1 Bh3 36. Qb8+ Kh7 0-1

[Event "Women's Speed Chess Q6"]
[Site "chess.com INT"]
[Date "2021.06.05"]
[Round "8"]
[White "Batsiashvili, Nino"]
[Black "Tokhirjonova, Gulrukhbegim"]
[Result "1-0"]
[WhiteTitle "GM"]
[BlackTitle "WGM"]
[WhiteElo "2491"]
[BlackElo "2344"]
[WhiteFideId "13602993"]
[BlackFideId "14203626"]
[EventDate "2021.06.05"]

1. d4 Nf6 2. c4 e6 3. Nc3 Bb4 4. e3 O-O 5. Bd2 d5 6. Nf3 b6 7. cxd5 exd5 8. Bd3
c5 9. a3 Bxc3 10. Bxc3 c4 11. Bc2 Bg4 12. Qd2 a5 13. Ne5 Be6 14. f3 Nbd7 15. O-O
Qc7 16. Nxd7 Qxd7 17. e4 dxe4 18. fxe4 Ne8 19. d5 Bg4 20. e5 Rd8 21. d6 f6 22.
Rae1 Rf7 23. Qe3 fxe5 24. Rxf7 Qxf7 25. Qxe5 Nxd6 26. Rf1 Qd7 27. h3 Be6 28. Rd1
Qe7 29. Re1 Re8 30. Bd4 Nc8 31. Qh5 g6 32. Bxg6 hxg6 33. Qh8+ Kf7 34. Qg7# 1-0

[Event "Women's Speed Chess Q6"]
[Site "chess.com INT"]
[Date "2021.06.05"]
[Round "8"]
[White "Corrales Jimenez, Zenia"]
[Black "Sviridova, Vlada"]
[Result "0-1"]
[WhiteTitle "WIM"]
[BlackTitle "WFM"]
[WhiteElo "2189"]
[BlackElo "2144"]
[WhiteFideId "3506355"]
[BlackFideId "24109606"]
[EventDate "2021.06.05"]

1. e4 e6 2. d4 d5 3. Bd3 dxe4 4. Bxe4 Nf6 5. Bf3 c5 6. Ne2 Be7 7. O-O O-O 8. Be3
Qc7 9. Nbc3 Nc6 10. Bf4 Qa5 11. Bxc6 bxc6 12. dxc5 Qxc5 13. Ng3 Rd8 14. Qe2 a5
15. Rfd1 Ba6 16. Qf3 Bc4 17. Nge4 Nxe4 18. Nxe4 Qb4 19. Be5 f5 20. Qg3 Bf8 21.
Nf6+ Kh8 22. Rxd8 Rxd8 23. Qh4 h6 24. Ng4 Rd7 25. Nxh6 Be2 26. Ng4+ Kg8 27. Nf6+
gxf6 28. Qxf6 Bg7 29. Qxe6+ Rf7 30. Qd7 Rxd7 31. Bxg7 Rxg7 0-1

[Event "Women's Speed Chess Q6"]
[Site "chess.com INT"]
[Date "2021.06.05"]
[Round "8"]
[White "Padmini, Rout"]
[Black "Dong, Khanh Linh"]
[Result "1-0"]
[WhiteTitle "IM"]
[BlackTitle "WCM"]
[WhiteElo "2370"]
[BlackElo "1970"]
[WhiteFideId "5029295"]
[BlackFideId "12403040"]
[EventDate "2021.06.05"]

1. e4 c5 2. Nf3 d6 3. c3 Nf6 4. Be2 Nc6 5. d4 cxd4 6. cxd4 e6 7. Nc3 Be7 8. O-O
O-O 9. a3 a6 10. Bd3 e5 11. d5 Nb8 12. a4 Bg4 13. h3 Bh5 14. g4 Bg6 15. Re1 Nbd7
16. a5 Rc8 17. Ra3 h6 18. Nh2 Nh7 19. Nf1 Nc5 20. Bb1 Ng5 21. Kg2 Nh7 22. Ng3
Bg5 23. Be3 Bf4 24. b4 Nd7 25. Qd2 Bxe3 26. Qxe3 Rc4 27. Rb3 Qc8 28. Nf5 Re8 29.
Nxd6 Qb8 30. Nxc4 Nhf8 31. Nd2 1-0

[Event "Women's Speed Chess Q6"]
[Site "chess.com INT"]
[Date "2021.06.05"]
[Round "8"]
[White "Babiy, Olga"]
[Black "Kulkarni, Bhakti"]
[Result "0-1"]
[WhiteTitle "WGM"]
[BlackTitle "IM"]
[WhiteElo "2280"]
[BlackElo "2391"]
[WhiteFideId "14117258"]
[BlackFideId "5019516"]
[EventDate "2021.06.05"]

1. d4 Nf6 2. Nf3 d5 3. Bf4 e6 4. e3 c5 5. c3 Bd6 6. Nbd2 O-O 7. Bg3 Qc7 8. Ne5
Nc6 9. f4 Ne7 10. Bd3 Nf5 11. Bf2 Be7 12. e4 dxe4 13. Nxe4 cxd4 14. Bxd4 Nxd4
15. cxd4 Nxe4 16. Bxe4 Bb4+ 17. Kf2 f6 18. Nd3 Bd6 19. g3 e5 20. dxe5 fxe5 21.
Qh5 g6 22. Bxg6 exf4 23. Qd5+ Kg7 24. Be4 fxg3+ 25. Ke3 Bf4+ 26. Ke2 Bg4+ 27.
Ke1 Rad8 28. Qb3 Rde8 29. Qb4 Qe7 30. Qd4+ Kg8 31. Qd5+ Rf7 32. Nc5 b6 33. hxg3
Bxg3+ 34. Kd2 bxc5 0-1

[Event "Women's Speed Chess Q6"]
[Site "chess.com INT"]
[Date "2021.06.05"]
[Round "8"]
[White "Ribeiro, Regina"]
[Black "Eswaran, Aksithi"]
[Result "0-1"]
[WhiteTitle "WIM"]
[BlackTitle "WCM"]
[WhiteElo "1920"]
[BlackElo "1745"]
[WhiteFideId "2100681"]
[BlackFideId "2083485"]
[EventDate "2021.06.05"]

1. Nf3 d5 2. b3 c5 3. e3 Nc6 4. Bb2 Nf6 5. Bb5 e6 6. O-O Bd7 7. d3 Bd6 8. Nbd2
O-O 9. Re1 a6 10. Bxc6 Bxc6 11. Ne5 Qc7 12. f4 Nd7 13. d4 f6 14. Nxc6 Qxc6 15.
Qg4 cxd4 16. Qxe6+ Kh8 17. exd4 Qxc2 18. Qxd6 Qxb2 19. Nf3 Rad8 20. Qxd5 Ne5 21.
Qe4 Nxf3+ 22. Qxf3 Qxd4+ 23. Kh1 Rde8 24. Red1 Qb2 25. Qxb7 Re2 26. Rac1 Rfe8
27. Rc8 Qxa2 28. Rxe8+ Rxe8 29. Qf7 Rg8 30. Re1 Qd2 31. Ra1 Qxf4 32. h3 Qd6 33.
Re1 Qc6 34. Re7 h6 35. h4 Qc1+ 36. Kh2 Qf4+ 37. Kh3 Qf5+ 38. Kh2 Qf4+ 39. Kh3
Qb4 0-1

[Event "Women's Speed Chess Q6"]
[Site "chess.com INT"]
[Date "2021.06.05"]
[Round "8"]
[White "Soumya, Swaminathan"]
[Black "Nguyen, Hong Ngoc"]
[Result "0-1"]
[WhiteTitle "IM"]
[BlackTitle "WCM"]
[WhiteElo "2351"]
[BlackElo "1957"]
[WhiteFideId "5016193"]
[BlackFideId "12403083"]
[EventDate "2021.06.05"]

1. d4 d5 2. c4 c6 3. Nc3 Nf6 4. e3 a6 5. Nf3 b5 6. b3 Bg4 7. h3 Bxf3 8. Qxf3 e6
9. c5 Nbd7 10. e4 dxe4 11. Nxe4 Nxe4 12. Qxe4 Rc8 13. a4 Nf6 14. Qh4 Qd5 15.
axb5 axb5 16. b4 Be7 17. Be3 Qb3 18. Bd2 Nd5 19. Qg3 Qb2 20. Rc1 Bf6 21. Be2
Qxd4 22. Rd1 Qe4 23. Kf1 O-O 24. Re1 Qc2 25. Bg5 Bxg5 26. Qxg5 Nxb4 27. h4 Qg6
28. Qd2 Nd5 29. Rh3 Rfd8 30. Rg3 Qf6 31. Qc1 Qxh4 32. Rh3 Qf6 33. Qb1 g6 34. Rf3
Qg7 35. Qc1 Rb8 36. Kg1 b4 37. Bc4 Nc3 38. Bb3 Rd7 39. Rh3 Rbd8 40. Qg5 Nd5 41.
Qh4 h5 42. Kh1 Nc3 43. Qxb4 Nb5 44. Qf4 Nd4 45. Bc4 Nf5 0-1

[Event "Women's Speed Chess Q6"]
[Site "chess.com INT"]
[Date "2021.06.05"]
[Round "8"]
[White "Purtseladze, Maka"]
[Black "Agrest, Inna"]
[Result "1-0"]
[WhiteTitle "IM"]
[BlackTitle "WIM"]
[WhiteElo "2274"]
[BlackElo "2285"]
[WhiteFideId "13602659"]
[BlackFideId "1708830"]
[EventDate "2021.06.05"]

1. b3 Nf6 2. Bb2 g6 3. Bxf6 exf6 4. c4 Bg7 5. Nc3 O-O 6. g3 f5 7. Bg2 d6 8. e3
c6 9. Nge2 Nd7 10. Nf4 a6 11. b4 Qc7 12. O-O Ne5 13. Qb3 Rb8 14. d4 Ng4 15. b5
axb5 16. cxb5 Kh8 17. Rfc1 Bd7 18. h3 Nf6 19. a4 g5 20. Ncd5 Qd8 21. Nxf6 Bxf6
22. Nh5 Be7 23. Qc3 d5 24. a5 Rc8 25. b6 f6 26. Rcb1 Qe8 27. a6 Qxh5 28. axb7
Rb8 29. Ra7 Bd6 30. Rba1 f4 31. g4 Qg6 32. exf4 Bxf4 33. Qc5 Rfe8 34. Ra8 Rxb7
35. Rxe8+ Qxe8 36. Ra7 Rxa7 37. bxa7 Qa8 38. Qb6 Be6 39. Bf1 Kg7 40. Ba6 Kg6 41.
Bb7 Qe8 42. a8=Q Qe7 43. Bxc6 Bd6 44. Qe8+ Qxe8 45. Bxe8+ 1-0

[Event "Women's Speed Chess Q6"]
[Site "chess.com INT"]
[Date "2021.06.05"]
[Round "8"]
[White "Nandhidhaa, P V"]
[Black "Buksa, Nataliya"]
[Result "1/2-1/2"]
[WhiteTitle "WGM"]
[BlackTitle "IM"]
[WhiteElo "2365"]
[BlackElo "2413"]
[WhiteFideId "5050847"]
[BlackFideId "14123622"]
[EventDate "2021.06.05"]

1. e4 c5 2. Nf3 Nc6 3. Bb5 g6 4. Bxc6 dxc6 5. d3 Bg7 6. h3 Nf6 7. Nc3 Nd7 8. Be3
e5 9. Qd2 b6 10. O-O-O Nf8 11. Bh6 Bf6 12. Bg5 Ne6 13. Bxf6 Qxf6 14. Ne2 Qg7 15.
Kb1 Bb7 16. Ng5 Nxg5 17. Qxg5 f6 18. Qg3 O-O-O 19. f4 Ba6 20. b3 Kb7 21. fxe5
fxe5 22. Rhf1 Rhf8 23. Ng1 Qe7 24. Nf3 Rde8 25. Qg5 b5 26. Qxe7+ Rxe7 27. Ng5
Rfe8 28. Rf7 Rxf7 29. Nxf7 Kc7 30. Rf1 c4 31. dxc4 bxc4 32. Rf3 Re7 33. Kb2 cxb3
34. axb3 Bc8 35. Nh6 Be6 36. Rf8 Kb6 37. Kc3 Kc5 38. b4+ Kb6 39. Rb8+ Kc7 40.
Rf8 Kd6 41. Ng8 Bxg8 42. Rxg8 Rf7 43. Rd8+ Kc7 44. Rh8 Kb6 45. Rb8+ Kc7 46. Re8
Kd6 47. Rd8+ Kc7 48. Re8 Kd6 49. Rd8+ 1/2-1/2

[Event "Women's Speed Chess Q6"]
[Site "chess.com INT"]
[Date "2021.06.05"]
[Round "8"]
[White "Paehtz, Elisabeth"]
[Black "Kashlinskaya, Alina"]
[Result "0-1"]
[WhiteTitle "IM"]
[BlackTitle "IM"]
[WhiteElo "2456"]
[BlackElo "2494"]
[WhiteFideId "4641833"]
[BlackFideId "4198026"]
[EventDate "2021.06.05"]

1. d4 Nf6 2. Nf3 g6 3. Bg5 Bg7 4. Nbd2 O-O 5. c3 d6 6. e3 c5 7. Be2 b6 8. O-O
Bb7 9. a4 a6 10. Re1 Nbd7 11. Bd3 h6 12. Bh4 cxd4 13. exd4 Nh5 14. Bf1 Ndf6 15.
Nc4 Qc7 16. Nfd2 g5 17. Bg3 Nxg3 18. hxg3 e6 19. Ne3 Rfe8 20. Bd3 Bc6 21. Qe2
Qb7 22. g4 b5 23. a5 Rac8 24. Ndf1 Nd5 25. Nxd5 Bxd5 26. Ne3 Bc6 27. Bc2 Qe7 28.
Qd3 Qf6 29. Qh7+ Kf8 30. Bd3 Qf4 31. f3 Rc7 32. Nf1 f5 33. Qg6 fxg4 34. fxg4 Rf7
35. Be4 d5 36. Bf3 Bd7 37. Re2 e5 38. dxe5 Re6 39. Qd3 Rxe5 40. Rae1 Rxe2 41.
Qxe2 d4 42. Qd3 dxc3 43. bxc3 Re7 44. Rxe7 Kxe7 45. Qe2+ Kd8 46. Qd3 Kc7 47. Ne3
Qd6 48. Nd5+ Kd8 49. Qh7 Qe5 50. Qg8+ Be8 0-1

[Event "Women's Speed Chess Q6"]
[Site "chess.com INT"]
[Date "2021.06.05"]
[Round "8"]
[White "Vo, Thi Kim Phung"]
[Black "Mendoza, Shania Mae"]
[Result "1-0"]
[WhiteTitle "WGM"]
[BlackTitle "WFM"]
[WhiteElo "2335"]
[BlackElo "2158"]
[WhiteFideId "12401838"]
[BlackFideId "5211158"]
[EventDate "2021.06.05"]

1. d4 d5 2. c4 c6 3. Nc3 Nf6 4. Nf3 e6 5. cxd5 exd5 6. Bg5 Be7 7. Qc2 O-O 8. e3
Re8 9. Bd3 Nbd7 10. O-O Ne4 11. Bxe4 dxe4 12. Nxe4 Nf8 13. Bxe7 Qxe7 14. Ng3 Ng6
15. Rac1 Be6 16. a3 Rad8 17. Qc5 a6 18. Qxe7 Rxe7 19. h3 f6 20. Nd2 Red7 21.
Nde4 Bd5 22. Nc5 Rf7 23. e4 Ba2 24. Rfd1 a5 25. Rc3 b6 26. Na4 c5 27. d5 c4 28.
Nxb6 Rc7 29. Rdc1 Ne5 30. Nf5 Rb8 31. d6 Rc6 32. Ne7+ Kf7 33. Nxc6 Rxb6 34.
Nxe5+ fxe5 35. d7 Rd6 36. Rf3+ Ke7 37. Rg3 g6 38. Rg5 Kf6 39. h4 Rxd7 40. Rc3
Bb3 41. Rf3+ Ke6 42. h5 Bc2 43. hxg6 h6 44. g7 hxg5 45. g8=Q+ Kd6 46. Qxg5 Kc7
47. Rc3 Bd3 48. Qxe5+ Kb6 49. b3 1-0

[Event "Women's Speed Chess Q6"]
[Site "chess.com INT"]
[Date "2021.06.05"]
[Round "8"]
[White "Grineva, Marianna"]
[Black "Grigoryan, Meri"]
[Result "1-0"]
[WhiteTitle "WFM"]
[BlackTitle "WFM"]
[WhiteElo "2029"]
[BlackElo "2044"]
[WhiteFideId "14102013"]
[BlackFideId "13300571"]
[EventDate "2021.06.05"]

1. e4 c6 2. d4 d5 3. e5 Bf5 4. h4 h6 5. g4 Be4 6. f3 Bh7 7. h5 e6 8. Bd3 Bxd3 9.
Qxd3 Nd7 10. Ne2 Qb6 11. b3 c5 12. c4 cxd4 13. Qxd4 Qxd4 14. Nxd4 Nxe5 15. Nd2
Bb4 16. cxd5 exd5 17. Ke2 Nf6 18. a3 Bc3 19. Nb5 Bxa1 20. Nc7+ Ke7 21. Nxa8 Rxa8
22. b4 Bc3 23. Nb3 Rc8 24. g5 hxg5 25. Bxg5 d4 26. Nc5 b6 27. Ne4 d3+ 28. Ke3 d2
29. h6 Ke6 30. hxg7 Nxe4 31. fxe4 Ng6 32. Kd3 f6 33. Be3 Ne5+ 34. Ke2 Rg8 35.
Rg1 Nc4 36. Bh6 Kf7 37. Kd3 Rd8+ 38. Kxc3 d1=Q 39. g8=Q+ Rxg8 40. Rxd1 Ne5 41.
a4 Rg3+ 42. Kc2 Rg2+ 43. Kb3 Rg3+ 44. Ka2 Nc4 45. Rd7+ Ke6 46. Rxa7 Ra3+ 47. Kb1
Rb3+ 48. Kc2 Rxb4 49. Kc3 Rb1 50. Kxc4 Ke5 51. Bg7 Rc1+ 52. Kb5 Rb1+ 53. Ka6
Kxe4 54. Bxf6 Kd5 55. Bd8 Kc6 56. Rc7+ Kd6 57. Rh7 Ra1 58. Rh4 Kc6 59. Bxb6 Rb1
60. a5 Rxb6+ 61. axb6 1-0

[Event "Women's Speed Chess Q6"]
[Site "chess.com INT"]
[Date "2021.06.05"]
[Round "8"]
[White "Tarasova, Viktoriya"]
[Black "Steil-Antoni, Fiona"]
[Result "0-1"]
[WhiteTitle "WIM"]
[BlackTitle "WIM"]
[WhiteElo "2226"]
[BlackElo "2129"]
[WhiteFideId "4175840"]
[BlackFideId "4001249"]
[EventDate "2021.06.05"]

1. d4 d6 2. c4 e5 3. Nc3 Nc6 4. d5 Nce7 5. e4 f5 6. exf5 Bxf5 7. Bd3 Bxd3 8.
Qxd3 Nf6 9. Nge2 g6 10. O-O Bg7 11. Bg5 O-O 12. Bxf6 Bxf6 13. Ng3 Qd7 14. Nce4
Bg7 15. Rae1 h6 16. h3 Nf5 17. Ne2 Rf7 18. c5 Raf8 19. Rc1 a6 20. c6 Qc8 21.
cxb7 Qxb7 22. b3 Nd4 23. Nxd4 exd4 24. Rc6 Be5 25. Qxa6 Qb4 26. Qd3 Qb8 27. a4
Qd8 28. Qd2 Qh4 29. Qd3 Qf4 30. Ng3 Kg7 31. Qc2 h5 32. Qc1 Qf6 33. Ne4 Qf5 34.
f3 h4 35. Rxc7 Rxc7 36. Qxc7+ Rf7 37. Qc1 Bf4 38. Qd1 Be3+ 39. Kh1 Qxd5 40. Qd3
Rb7 41. Rb1 Qc6 42. a5 Rc7 43. a6 Kh6 44. b4 Bf4 45. g3 hxg3 46. Qxd4 Qc2 47.
Qh8+ Rh7 48. Qf8+ Kh5 49. Nf6+ Kh4 50. Rb2 Qc1+ 51. Kg2 Qxb2+ 52. Kg1 Qf2+ 53.
Kh1 Qh2# 0-1

[Event "Women's Speed Chess Q6"]
[Site "chess.com INT"]
[Date "2021.06.05"]
[Round "8"]
[White "Mohota, Nisha"]
[Black "Fronda, Jan Jodilyn"]
[Result "1-0"]
[WhiteTitle "IM"]
[BlackTitle "WIM"]
[WhiteElo "2195"]
[BlackElo "2152"]
[WhiteFideId "5004330"]
[BlackFideId "5204585"]
[EventDate "2021.06.05"]

1. b3 d5 2. Bb2 Nf6 3. e3 Nbd7 4. f4 e6 5. Nf3 b6 6. Bd3 Bb7 7. O-O c5 8. Nc3
Ne4 9. Bxe4 dxe4 10. Ng5 Nf6 11. Qe2 h6 12. Qb5+ Ke7 13. Nh3 Qxd2 14. Rfe1 Qd7
15. Qe2 Rg8 16. Rad1 Qc7 17. Nb5 Qc6 18. Be5 Ne8 19. Bd6+ Nxd6 20. Rxd6 Qxd6 21.
Nxd6 Kxd6 22. Rd1+ Kc7 23. Qd2 Bc6 24. Qc3 Bd6 25. Nf2 Rad8 26. Ng4 f6 27. a3 h5
28. Nf2 e5 29. f5 g6 30. fxg6 f5 31. Qc4 Rg7 32. Qe6 f4 33. exf4 e3 34. Nd3 exf4
35. Qf6 Rgd7 36. Nxf4 Rf8 37. Ne6+ Kb7 38. Nxf8 Bxh2+ 39. Kxh2 Rxd1 40. Qe7+ Ka6
41. Qxe3 Rd8 42. g7 Bd5 43. Ne6 Re8 44. Qd3+ 1-0

[Event "Women's Speed Chess Q6"]
[Site "chess.com INT"]
[Date "2021.06.05"]
[Round "8"]
[White "Fernandez, Maria Florencia"]
[Black "Golubenko, Valentina"]
[Result "0-1"]
[WhiteTitle "WIM"]
[BlackTitle "WGM"]
[WhiteElo "2229"]
[BlackElo "2209"]
[WhiteFideId "116459"]
[BlackFideId "4501993"]
[EventDate "2021.06.05"]

1. d4 Nf6 2. c4 g6 3. Nc3 Bg7 4. e4 c5 5. d5 d6 6. f4 O-O 7. Nf3 e6 8. Bd3 exd5
9. cxd5 Re8 10. O-O Nbd7 11. a4 a6 12. Re1 Qc7 13. h3 b6 14. Be3 Rb8 15. Bf2 c4
16. Bc2 Bb7 17. e5 dxe5 18. d6 Qc6 19. fxe5 Nxe5 20. Rxe5 Rxe5 21. Qf1 Ree8 22.
Bg3 Rbd8 23. Rd1 b5 24. Kh1 b4 25. Ne2 b3 26. Bb1 Ne4 27. Bh4 Rxd6 28. Ned4 Bxd4
29. Nxd4 Qd7 30. Qxc4 Bd5 31. Qf1 g5 32. Be1 Rf6 33. Qg1 Qd6 34. Nf3 Qc6 35. Nh2
Nc5 36. Bc3 Rf4 37. Ng4 Re2 38. Rxd5 Qxd5 39. Nf6+ Rxf6 40. Bxf6 Qe6 41. Bc3 Ne4
42. Qd4 Nxc3 43. Qd8+ Kg7 44. Qxg5+ Kf8 45. Qd8+ Qe8 46. Qd6+ Qe7 47. Qh6+ Ke8
48. Qc6+ Qd7 49. Qa8+ Ke7 50. Qf3 Re1+ 51. Kh2 Qd6+ 52. g3 Re2+ 53. Kg1 Qd1+ 54.
Qf1 Re1 55. bxc3 Rxf1+ 56. Kg2 Qe2# 0-1

[Event "Women's Speed Chess Q6"]
[Site "chess.com INT"]
[Date "2021.06.05"]
[Round "8"]
[White "Pandey, Srishti"]
[Black "Mkrtchian, Lilit"]
[Result "0-1"]
[WhiteTitle "WFM"]
[BlackTitle "IM"]
[WhiteElo "2026"]
[BlackElo "2388"]
[WhiteFideId "35093290"]
[BlackFideId "13300601"]
[EventDate "2021.06.05"]

1. d4 Nf6 2. c4 c6 3. Nf3 d5 4. e3 Bg4 5. Nbd2 e6 6. h3 Bh5 7. Be2 Nbd7 8. O-O
Bd6 9. b3 O-O 10. Bb2 a5 11. Ne5 Bxe2 12. Qxe2 a4 13. Rac1 Qc7 14. f4 axb3 15.
axb3 Ra2 16. Ndf3 Ne4 17. Ra1 Rfa8 18. Rxa2 Rxa2 19. Ra1 Rxa1+ 20. Bxa1 Qa5 21.
Qd1 Nf8 22. Nd3 Qa2 23. c5 Bc7 24. b4 f6 25. Bb2 h6 26. Qc1 g5 27. fxg5 hxg5 28.
Nfe1 Kf7 29. Qc2 Bg3 30. Qe2 Kg6 31. Kf1 Qc4 32. Qd1 Nf2 33. Qe2 Ne4 34. Qd1 Bf2
35. Qe2 Ng3+ 36. Kxf2 Nxe2 37. Kxe2 Nd7 38. Kd2 e5 39. dxe5 fxe5 40. Bxe5 Qa2+
41. Bb2 Kf5 42. Nf3 Kg6 43. g3 Nf6 44. Nfe5+ Kh7 45. Kc2 Ne4 46. g4 Qa4+ 47. Kc1
Qb3 48. Bd4 Qa3+ 49. Bb2 Qa4 50. Nf3 Qb3 0-1

[Event "Women's Speed Chess Q6"]
[Site "chess.com INT"]
[Date "2021.06.05"]
[Round "8"]
[White "Vu, Bui Thi Thanh Van"]
[Black "Klinova, Masha"]
[Result "1-0"]
[WhiteTitle "WFM"]
[BlackTitle "IM"]
[WhiteElo "1750"]
[BlackElo "2275"]
[WhiteFideId "12408921"]
[BlackFideId "2802015"]
[EventDate "2021.06.05"]

1. d4 d6 2. Nf3 g6 3. Nbd2 Bg7 4. e4 Nf6 5. Bd3 O-O 6. O-O Nc6 7. c3 e5 8. Re1
Re8 9. Nf1 Bg4 10. d5 Ne7 11. c4 a5 12. a3 a4 13. Be3 Bd7 14. c5 Ng4 15. cxd6
cxd6 16. Bd2 Qb6 17. Qe2 f5 18. Bb4 fxe4 19. Bxe4 Nf5 20. N1d2 Bh6 21. Nc4 Qa6
22. Bxf5 gxf5 23. Nxd6 Red8 24. h3 e4 25. Nd4 Qxe2 26. Rxe2 Ne5 27. N4xf5 Nd3
28. Nxh6+ Kg7 29. Nhf5+ Bxf5 30. Nxf5+ Kf6 31. Ng3 Nxb4 32. axb4 Rxd5 33. Nxe4+
Kg6 34. Ng3 Rb5 35. Re4 Rd8 36. Rxa4 Rd2 37. Ra8 Rxb2 38. Rg8+ Kf7 39. Rgg4 h6
40. Rgf4+ Kg7 41. Nf5+ Kg6 42. Ne7+ Kg7 43. Nf5+ Kg6 44. Ne3 Rb1+ 45. Kh2 Rb6
46. g4 Rd6 47. Rd4 Rc6 48. h4 Rc3 49. h5+ Kg7 50. Rd7+ Kg8 51. Nf5 Rc8 52. Nxh6+
Kh8 53. Nf7+ Kg8 54. Nh6+ Kh8 55. Rff7 1-0